Cooperative Security – The USA and the EU

Historicky sa mnohé zoskupenia štátov pokúšali podporovať stabilitu. Ich skúsenosti predznamenali súčasné snahy o spoluprácu v oblasti bezpečnosti. Úspech kooperatívnej bezpečnosti vyžaduje vieru, že niektoré krajiny majú niečo spoločné a že spolupráca ponúka najlepšie možné prostriedky na dosiahnut...

Celý popis

Uložené v:
Podrobná bibliografia
Hlavný autor: Csányi, Peter, 1978-
Médium: Kapitola
Jazyk:English
Predmet:
Tagy: Pridať tag
Žiadne tagy, Buďte prvý, kto otaguje tento záznam!

MARC

LEADER 00000naa$a2200000$$$4500
001 0298200
005 20240717073755.0
041 0 |a eng 
044 |a SK 
245 1 0 |a Cooperative Security – The USA and the EU  |c Peter Csányi 
520 |a Historicky sa mnohé zoskupenia štátov pokúšali podporovať stabilitu. Ich skúsenosti predznamenali súčasné snahy o spoluprácu v oblasti bezpečnosti. Úspech kooperatívnej bezpečnosti vyžaduje vieru, že niektoré krajiny majú niečo spoločné a že spolupráca ponúka najlepšie možné prostriedky na dosiahnutie ich úrovne národných záujmov. Historicky najčastejšie bolo vnímanie spoločnej hrozby, ako najefektívnejším základom pre vytvorenie bezpečnostného systému. 
610 2 0 |a bezpečnosť 
610 2 0 |a spolupráca cezhraničná 
610 2 0 |a spolupráca hospodárska medzinárodná 
610 2 0 |a spolupráca medzinárodná 
610 2 0 |a USA 
610 2 0 |a Európska únia 
610 2 0 |a NATO 
610 2 0 |a Ázia 
100 1 |a Csányi, Peter, 1978-